Uplatňovanie konceptu ekosystémových služieb v plánovacej a riadiacej praxi v Slovenskej republike – výsledky projektu OpenNESS na prípadovej štúdii Trnava

Modelové územie prípadovej štúdie hodnotenia konceptu ekosystémových služieb na príklade mestskej funkčnej oblasti krajského mesta Trnava.

Saved in:
Bibliographic Details
Main Author: Izakovičová, Zita
Other Authors: Bezák, Peter, Mederly, Peter, Špulerová, Jana
Format: Book Chapter
Language:Slovak
Subjects:
Tags: Add Tag
No Tags, Be the first to tag this record!

MARC

LEADER 00000naa a2200000 4500
001 0239641
005 20220805080436.2
041 0 |a slo 
044 |a SK 
245 1 0 |a Uplatňovanie konceptu ekosystémových služieb v plánovacej a riadiacej praxi v Slovenskej republike – výsledky projektu OpenNESS na prípadovej štúdii Trnava  |c Zita Izakovičová, Peter Bezák, Peter Mederly, Jana Špulerová 
520 |a Modelové územie prípadovej štúdie hodnotenia konceptu ekosystémových služieb na príklade mestskej funkčnej oblasti krajského mesta Trnava. 
610 2 0 |a ekológia krajiny 
610 2 0 |a ekologizácia 
610 2 0 |a služby 
610 2 0 |a ochrana prostredia životného 
610 2 0 |a Slovensko 
610 2 0 |a biomasa 
100 1 |a Izakovičová, Zita 
700 1 |a Bezák, Peter 
700 1 |a Mederly, Peter 
700 1 |a Špulerová, Jana